Európska politika susedstva ako alternatíva procesu rozširovania EÚ a jeho dosahu na politiky EÚ vo vzťahu k susediacim nečlenským štátom
Formovanie Európskej politiky susedstva. Jej nové nástroje a postupy. Severná dimenzia a Európsky hospodársky priestor. Implementácia Európskej politiky sustedstva. Návrh programov Európskej politiky susedstva. Silné a slabé stránky Európskej politiky susedstva.
Uložené v:
| Hlavný autor: | |
|---|---|
| Médium: | Kapitola |
| Jazyk: | Slovak |
| Predmet: | |
| Tagy: |
Žiadne tagy, Buďte prvý, kto otaguje tento záznam!
|
MARC
| LEADER | 00000naa$a2200000$$$4500 | ||
|---|---|---|---|
| 001 | 0051021 | ||
| 005 | 20240711093021.9 | ||
| 041 | 0 | |a slo | |
| 044 | |a SK | ||
| 245 | 1 | 0 | |a Európska politika susedstva ako alternatíva procesu rozširovania EÚ a jeho dosahu na politiky EÚ vo vzťahu k susediacim nečlenským štátom |
| 520 | |a Formovanie Európskej politiky susedstva. Jej nové nástroje a postupy. Severná dimenzia a Európsky hospodársky priestor. Implementácia Európskej politiky sustedstva. Návrh programov Európskej politiky susedstva. Silné a slabé stránky Európskej politiky susedstva. | ||
| 610 | 2 | 0 | |a Európsky ekonomický priestor |
| 610 | 2 | 0 | |a politika medzinárodná |
| 610 | 2 | 0 | |a spolupráca cezhraničná |
| 610 | 2 | 0 | |a spolupráca hospodárska medzinárodná |
| 610 | 2 | 0 | |a fondy štruktúrne |
| 610 | 2 | 0 | |a záujmy ekonomické |
| 100 | 1 | |a Báráňová-Čiderová, Denisa, 1977- | |